000 00730nam a2200205Ia 4500
999 _c40766
_d40766
001 7405
003 GE_BSU
005 20231129160146.0
008 181216s1950||||ge |||||||||||||| ||geo||
040 _cGE_BSU
041 _ageo
080 _a821.353.1.6 დ-14
100 _aდადიანი, შალვა
_920506
245 _aგიორგი რუსი : რჩეული ნაწერები ტ.1 :
_bრომანი /
_cშალვა დადიანი. `
264 _aთბილისი :
_bსახელგამი,
_c1950.
300 _a383 გვ. ;
_b1ფურც.ილ.
_c20 სმ.
653 _aგიორგი რუსი
653 _aრომანი
942 _cBK
_2udc